000 01328nam a2200229 a 4500
001 1621758
003 AM-YEHGA
005 20250617160923.0
008 190620s1961 ru ||||fr|||||00||0|rus||
040 _aAM-YeHGA
041 0 _arus
100 1 _aПоляков, Яков Григорьевич
245 1 0 _aАвтоматизация и автоматические машинные линии в литейном производстве :
_bОбзор /
_cГос. ком. Совета Министров СССР по координации науч.-исслед. работ. Центр. ин-т науч.-техн. информации и машиностроения.
260 _aМосква :
_b[б. и.],
_c1961.
300 _a99 с. :
_bил. ;
_c22 см.
504 _aБиблиогр.: с. 97-98 (48 назв.):
650 1 4 _aПоточные линии, автоматические в литейном производстве
710 2 _aГосударственный комитет Совета Министров СССР по координации научно-исследовательских работ.
710 2 _aЦентральнуй институт научно-технической информации и машиностроения.
942 _2udc
_cBK
090 _c465601
999 _c462422
_d462422